Concellos de A Coruña (con mapa) - Estadísticas

Estadísticas generales
  • Esta prueba ha sido intentada 5.693 veces
  • La puntuación promedio es 60 de 93
Respuestas en el mapa
Las respuestas están codificadas por una escala verde-roja en el mapa de la prueba según el % correcto abajo.
 
Estadísticas de respuestas
Respuesta % Correcto
A Coruña
97%
Ferrol
96%
Santiago de Compostela
93%
Arteixo
89%
Fisterra
88%
Noia
85%
Muros
84%
Carballo
83%
Oleiros
83%
Betanzos
82%
Ribeira
82%
Cee
80%
Boiro
79%
Narón
79%
Ames
78%
Muxía
78%
Ortigueira
78%
Padrón
77%
Arzúa
76%
Fene
76%
Melide
76%
Sada
76%
Cariño
75%
Camariñas
74%
Culleredo
74%
Ordes
74%
A Pobra do Caramiñal
73%
Malpica de Bergantiños
73%
O Porto do Son
73%
A Laracha
72%
Ares
72%
Laxe
72%
Teo
72%
Carnota
71%
Corcubión
71%
Rianxo
71%
Santa Comba
71%
Zas
71%
Pontedeume
70%
Cambre
69%
Cedeira
69%
Cerceda
69%
Miño
69%
Vimianzo
69%
Abegondo
68%
As Pontes de García Rodríguez
68%
Mugardos
68%
Bergondo
64%
Mazaricos
64%
Negreira
64%
Valdoviño
64%
Cabana de Bergantiños
63%
Cabanas
63%
Dumbría
63%
Coristanco
62%
Outes
62%
Ponteceso
62%
Carral
60%
Curtis
60%
Neda
59%
A Baña
57%
Brión
57%
Oza Cesuras
57%
Boimorto
56%
Touro
55%
Boqueixón
54%
Lousame
54%
O Pino
54%
Rois
54%
Dodro
53%
Val do Dubra
53%
Vedra
53%
A Capela
52%
Mañón
52%
Oroso
52%
San Sadurniño
51%
As Somozas
48%
Santiso
48%
Tordoia
48%
Toques
47%
Paderne
46%
Sobrado
46%
Trazo
46%
Coirós
44%
Irixoa
44%
Mesía
44%
Moeche
44%
Vilasantar
44%
Aranga
43%
Cerdido
43%
Frades
43%
Monfero
43%
Vilarmaior
42%
No se encontraron pruebas coincidentes
Distribución de puntuación
Porcentaje de gente con cada puntuación
Porcentaje por número respondido
Historial de tus puntuaciones
No has intentado esta prueba.